|
|
|
|
| LEADER |
00000nam0a2200000 4500 |
| 001 |
140564 |
| 005 |
20231031142104.0 |
| 010 |
|
|
|a 1852336005
|
| 035 |
|
|
|a (RuTPU)RU\TPU\book\152280
|
| 090 |
|
|
|a 140564
|
| 100 |
|
|
|a 20080702d2004 k y0engy50 ba
|
| 101 |
0 |
|
|a eng
|
| 102 |
|
|
|a GB
|
| 105 |
|
|
|a a z 001zy
|
| 200 |
1 |
|
|a Analysis and Control of Nonlinear Process Systems
|f K. M. Hangos, J. Bokor, G. Szederkenyi
|
| 210 |
|
|
|a London
|c Springer
|d 2004
|
| 215 |
|
|
|a 308 p.
|c il.
|
| 225 |
1 |
|
|a Advanced Textbooks in Control and Signal Processing
|
| 320 |
|
|
|a References: p. 299-302.
|
| 320 |
|
|
|a Index: p. 303-308.
|
| 610 |
1 |
|
|a автоматика
|
| 610 |
1 |
|
|a системы автоматического управления
|
| 610 |
1 |
|
|a нелинейные системы
|
| 610 |
1 |
|
|a анализ
|
| 610 |
1 |
|
|a контроль
|
| 610 |
1 |
|
|a английский язык
|
| 675 |
|
|
|a 681.511.4
|v 3
|
| 700 |
|
1 |
|a Hangos
|b K. M.
|
| 701 |
|
1 |
|a Bokor
|b J.
|
| 701 |
|
1 |
|a Szederkenyi
|b G.
|
| 801 |
|
1 |
|a RU
|b 63413507
|c 20080702
|g PSBO
|
| 801 |
|
2 |
|a RU
|b 63413507
|c 20080715
|g PSBO
|
| 942 |
|
|
|c BK
|